A Clarity Consulting Kft. vállalati stratégiájának elemző bemutatása

Bibliográfiai részletek
Szerző: Andó Benedek
További közreműködők: Marosán Dr. György
Dokumentumtípus: Diplomadolgozat
Kulcsszavak:Tanácsadás
Vállalati stratégia
Elemzés
Clarity Consulting Kft.
Online Access:http://dolgozattar.uni-bge.hu/13876

MARC

LEADER 00000nta a2200000 i 4500
001 dolg13876
005 20180313133429.0
008 171211suuuu hu om 000 hun d
040 |a BGE Dolgozattár Repozitórium  |b hun 
041 |a hu 
100 1 |a Andó Benedek 
245 1 2 |a A Clarity Consulting Kft. vállalati stratégiájának elemző bemutatása  |c Andó Benedek  |h [elektronikus dokumentum] 
695 |a Tanácsadás 
695 |a Vállalati stratégia  
695 |a Elemzés 
695 |a Clarity Consulting Kft. 
700 1 |a Marosán Dr. György  |e ths 
856 4 0 |u http://dolgozattar.uni-bge.hu/13876/1/And%C3%B3-Benedek-Szakdolgozat.pdf  |z Dokumentum-elérés